000 00897nac a22002777a 4500
001 BR0002944
003 BR-BrBNA
005 20240105122418.0
008 230509b bl.|||m| |||| 00| 0 por d
040 _aBR-BrBNA
_bpor
_cBiblioteca Nacional de Agricultura
072 _aP34; H10
090 _a4120 BR0002944
100 1 _aGhini, R.
110 1 _aEMBRAPA Meio Ambiente, Jaguariuna, SP (Brasil)
245 1 _aTransferencia de supressividade de solos a Rhizoctonia solani e efeito de metabolismos volateis
260 3 _aJaguariuna, SP (Brasil):
_c2000.
300 _a15 p.
490 _aBoletim de Pesquisa - EMBRAPA Meio Ambiente (Brazil)
_vno. 8
_xISSN 1516-4675
500 _aSummaries (En, Pt); 16 ref.
650 _aFungo
650 _aMicelio
650 _aCrescimento
650 _aQueima da Saia
909 _a202312
_bLúcia Elande
_c55
_dLúcia Elande
942 _2AGRIS
_n0
_cMS
999 _c290888
_d290888